Juan Mari Bras, periodista (Record no. 102695)

MARC details
000 -LEADER
campo de control de longitud fija 00887nam a2200241 i 4500
001 - NÚMERO DE CONTROL
campo de control 102695
003 - IDENTIFICADOR DE NÚMERO DE CONTROL
campo de control ES-MaACL
005 - FECHA Y HORA DE LA ÚLTIMA TRANSACCIÓN
campo de control 20250824062446.0
007 - CAMPO FIJO DE DESCRIPCIÓN FÍSICA--INFORMACIÓN GENERAL
campo de control de longitud fija t|
008 - DATOS DE LONGITUD FIJA--INFORMACIÓN GENERAL
campo de control de longitud fija 051128s1997 pr ||||1| spa d
080 ## - NÚMERO DE LA CLASIFICACIÓN DECIMAL UNIVERSAL
Número de la Clasificación Decimal Universal 821.134.2(729.5)-92"19"
080 ## - NÚMERO DE LA CLASIFICACIÓN DECIMAL UNIVERSAL
Número de la Clasificación Decimal Universal 32(729.5)"1952/..."
100 1# - ENTRADA PRINCIPAL--NOMBRE DE PERSONA
Nombre de persona Mari Bras, Juan.
9 (RLIN) 76647
245 10 - MENCIÓN DEL TÍTULO
Título Juan Mari Bras, periodista
Resto del título : selección de su obra periodística 1959-1994.
260 ## - PUBLICACIÓN, DISTRIBUCIÓN, ETC.
Lugar de publicación, distribución, etc. San Juan, Puerto Rico :
Nombre del editor, distribuidor, etc. LEA, Ateneo Puertorriqueño,
Fecha de publicación, distribución, etc. 1997.
300 ## - DESCRIPCIÓN FÍSICA
Extensión 219 p. :
Otras características físicas il. ;
Dimensiones 21 cm.
490 1# - MENCIÓN DE SERIE
Mención de serie Cuadernos del Ateneo ;
Designación de volumen o secuencia 5.
Mención de serie Serie de periodismo ;
Designación de volumen o secuencia 2
651 ## - PUNTO DE ACCESO ADICIONAL DE MATERIA--NOMBRE GEOGRÁFICO
Nombre geográfico Puerto Rico-
Subdivisión general Política y gobierno.
9 (RLIN) 9287
710 2# - ENTRADA AGREGADA--NOMBRE DE ENTIDAD CORPORATIVA
Nombre de entidad corporativa o nombre de jurisdicción como elemento de entrada Ateneo Puertorriqueño
9 (RLIN) 2054
830 00 - PUNTO DE ACCESO ADICIONAL DE SERIE-TÍTULO UNIFORME
Título uniforme Cuadernos del Ateneo.
Nombre de parte o sección de la obra Serie de periodismo (Ateneo Puertorriqueño)
Designación de volumen o secuencia 5.
-- 2
9 (RLIN) 184663
852 ## - LOCALIZACIÓN
Ubicación ES-MaACL
Número de control de estantería E-11200
Sublocalización o colección R.136892
Holdings
Estatus retirado Estado de pérdida Estado de daño No para préstamo Biblioteca de origen Biblioteca actual Ubicación en estantería Fecha de adquisición Fuente de adquisición Total de préstamos Signatura topográfica completa Código de barras Visto por última vez Precio de reemplazo Tipo de ítem Koha
        Biblioteca del Ateneo de Madrid Biblioteca del Ateneo de Madrid Depósito 2 17/01/2008     E-11200 1107202 23/02/2023 23/02/2023 Libro impreso